Have You Ever Seen the Rain?-Creedence Clearwater Revival (All Lyrics) - Statistics

General Stats
  • This quiz has been taken 53 times
  • The average score is 122 of 147
Answer Stats
Lyric % Correct
ever
100%
have
100%
rain
100%
seen
100%
the
100%
you
100%
a
96%
I
93%
know
93%
wanna
93%
When
93%
coming
89%
Coming
89%
down
89%
so
89%
day
86%
for
86%
it
86%
on
86%
Sun
86%
sunny
86%
time
86%
been
82%
it's
82%
long
82%
me
82%
some
79%
ago
75%
and
75%
Someone
75%
told
75%
before
71%
There's
71%
all
68%
calm
68%
storm
68%
water
64%
days
61%
like
61%
shining
61%
is
57%
my
57%
over
57%
say
57%
cold
54%
that
54%
they
54%
Yeah
50%
can't
46%
It'll
46%
wonder
46%
stop
43%
way
43%
Yesterday
39%
fast
36%
forever
36%
hard
36%
slow
32%
goes
29%
circle
21%
Through
21%
'Til
21%
No matching quizzes found
Score Distribution
Percent of People with Each Score
Percentile by Number Answered
Your Score History
You have not taken this quiz